000 00366 a2200169 4500
001 190480
020 _a978-85-67282-00-8
040 _cMagnum
100 _aFlores, Nina
240 1 0 _aA árvore de julinha
_lpor
245 1 0 _aA árvore de julinha
300 _a48
362 0 _a2013
440 1 _aCasa da Coruja
697 _aLITERATURA INFANTO
942 _cBK
999 _c190480
_d190480